Corona al líder destronando a la víctima : (Registro nro. 13672)

Detalles MARC
000 -LEADER
fixed length control field 00818nam a22002417a 4500
003 - CONTROL NUMBER IDENTIFIER
control field OSt
005 - DATE AND TIME OF LATEST TRANSACTION
control field 20210820110408.0
008 - FIXED-LENGTH DATA ELEMENTS--GENERAL INFORMATION
fixed length control field 210309b 2020 dr 00| 0 spa d
020 ## - INTERNATIONAL STANDARD BOOK NUMBER
International Standard Book Number 9789945096569
040 ## - CATALOGING SOURCE
Original cataloging agency DO-SdBNP
Language of cataloging spa
Transcribing agency BPMSU
082 #4 - DEWEY DECIMAL CLASSIFICATION NUMBER
Classification number 158.1
Item number S944c 2020
Edition number 22
100 1# - MAIN ENTRY--PERSONAL NAME
Personal name Suero, Heraldo
245 10 - TITLE STATEMENT
Title Corona al líder destronando a la víctima :
Remainder of title una guía para vivir en exelencia /
Statement of responsibility, etc. Heraldo Suero ; ilustraciones Yocelín Ramírez
260 ## - PUBLICATION, DISTRIBUTION, ETC. (IMPRINT)
Place of publication, distribution, etc. Santo Domingo :
Name of publisher, distributor, etc. Búho,
Date of publication, distribution, etc. 2020
300 ## - PHYSICAL DESCRIPTION
Extent 224 p. :
Other physical details il. ;
Dimensions 21 cm
500 ## - GENERAL NOTE
General note Incluye datos biográficos del autor en la solapa de la cubierta
590 ## - LOCAL NOTE (RLIN)
Local note Inventariado, 2021/VM
650 #4 - SUBJECT ADDED ENTRY--TOPICAL TERM
Topical term or geographic name as entry element Técnicas de autoayuda
650 #4 - SUBJECT ADDED ENTRY--TOPICAL TERM
Topical term or geographic name as entry element Autorrealización (Psicología)
700 ## - ADDED ENTRY--PERSONAL NAME
Personal name Ramìrez, Yocelìn
Relator term Ilustraciones
910 ## - USER-OPTION DATA (OCLC)
User-option data VMateo V.
942 ## - ADDED ENTRY ELEMENTS (KOHA)
Source of classification or shelving scheme Dewey Decimal Classification
Koha item type Libros
Existencias
Withdrawn status Lost status Source of classification or shelving scheme Damaged status Not for loan Collection code Home library Current library Date acquired Source of acquisition Total Checkouts Full call number Barcode Date last seen Price effective from Koha item type
    Dewey Decimal Classification     Colección Dominicana Biblioteca Pública Metropolitana Salomé Ureña Biblioteca Pública Metropolitana Salomé Ureña 08/20/2021 Editora Búho   BPMSU CD 158.1 S944c 2020 BPMSU21080073 08/20/2021 08/20/2021 Libros